banner-ar

كتاب المواعظ والاعتبار بذكر الخطط والاثار خطط المقريزى / (Record no. 42514)

MARC details
000 -الفاتح
حقل البيانات ثابتة الطول 00894nam a2200193Ia 4500
005 - وقت وتاريخ اخر تعامل مع التسجيلة
رقم الضبط 20240530103805.0
008 - عناصر البيانات ثابتة الطول - معلومات عامة
حقل البيانات ثابتة الطول 140319s9999 xx 000 0 ara d
040 ## - مصدر الفهرسة
وكالة الفهرسة الأصلية GCL /
وكالة النسخ GCL
082 04 - رقم تصنيف ديوى العشرى
رقم التصنيف 916.2/
رقم المادة ق/م ك
رقم الطبعة 21
100 1# - المدخل الرئيسى - إسم شخصى
الإسم الشخصى المقريزى : تقى الدين ابو العباس احمد بن على بن عبدالقادر بن محمد الحسينى العبيدى
245 10 - بيان العنوان
العنوان كتاب المواعظ والاعتبار بذكر الخطط والاثار خطط المقريزى /
بيان المسئوليه,etc المقريزى : تقى الدين ابو العباس احمد بن على بن عبدالقادر بن محمد الحسينى العبيدى
300 ## - الوصف المادى
التعداد متعدد ؛
أبعاد الوعاء 40 سم
650 04 - المدخل الاضافى بالموضوع-مصطلح موضوعى
مصطلح موضوعي الاحوال الاجتماعية
650 04 - المدخل الاضافى بالموضوع-مصطلح موضوعى
مصطلح موضوعي العادات والتقاليد
650 04 - المدخل الاضافى بالموضوع-مصطلح موضوعى
مصطلح موضوعي العصر المملوكى
650 04 - المدخل الاضافى بالموضوع-مصطلح موضوعى
مصطلح موضوعي مصر - تاريخ
942 ## - عناصر المدخل الإضافي( كوها)
مصدر التصنيف او مخطط الترفيف Dewey Decimal Classification
Koha [default] item type كتاب
Holdings
حالة التراجع حالة الفقد حالة تلف ليس للاعارة المكان المؤقت الموقع الحالى تاريخ الاكتساب اجمالي اﻻعارات رقم الطلب الباركود تاريخ اخر مشاهدة تاريخ تفعيل السعر نوع وعاء كوها
        مكتبة القاهرة الكبرى مكتبة القاهرة الكبرى 03/26/2014   916.2/ ق/م ك 102675 03/26/2014 03/26/2014 كتاب
        مكتبة القاهرة الكبرى مكتبة القاهرة الكبرى 03/26/2014   916.2/ ق/م ك 102676 03/26/2014 03/26/2014 كتاب
        مكتبة القاهرة الكبرى مكتبة القاهرة الكبرى 03/26/2014   916.2/ ق/م ك 102677 03/26/2014 03/26/2014 كتاب
        مكتبة القاهرة الكبرى مكتبة القاهرة الكبرى 03/26/2014   916.2/ ق/م ك 102678 03/26/2014 03/26/2014 كتاب

Powered By

EGPV